000
00308nam a22001337a 4500
008
181001b xxu||||| |||| 00| 0 eng d
020
_a
9780977620906
041
_a
eng
080
_a
573
100
_a
11
101
_a
BIO
245
_a
Handbook of Forage and Rangeland Insects
_c
Lamp,W.O
942
_2
udc
_c
BK
999
_c
48760
_d
48760